| 000 | 00585nam a2200205Ia 4500 | ||
|---|---|---|---|
| 003 | GCL | ||
| 008 | 140319s9999 xx 000 0 ara d | ||
| 040 |
_aGCL / _cGCL |
||
| 082 | 0 | 4 |
_a780 _bص ت |
| 100 | 1 | _aصالح عبدون | |
| 245 | 1 | 0 |
_aالثقافة الموسيقية / _cصالح عبدون |
| 300 | _a292 ص | ||
| 490 |
_aالالف كتاب _v0 |
||
| 650 | 0 | 4 | _aالموسيقى |
| 650 | 0 | 4 | _aالاغانى |
| 650 | 0 | 4 | _aالالات الموسيقية |
| 650 | 0 | 4 | _aالنوتة الموسيقية |
| 650 | 0 | 4 | _aالموسيقيون - تراجم |
| 942 |
_2ddc _cBK |
||
| 999 |
_c51036 _d51036 |
||